Fictional Dinosaurs and Dragons by Picture - Statistics

General Stats
  • This quiz has been taken 215 times
  • The average score is 9 of 18
Answer Stats
Picture Answer % Correct
Godzilla
91%
Barney
90%
Yoshi
89%
Rex
83%
Toothless
75%
Blue
69%
Smaug
62%
Dino
57%
Littlefoot
53%
Mushu
53%
Arlo
35%
Elliott
29%
Grimlock
20%
Earl Sinclair
18%
Falkor
15%
Dorothy
14%
Denver
12%
Figment
11%
No matching quizzes found
Score Distribution
Percent of People with Each Score
Percentile by Number Answered
Your Score History
You have not taken this quiz